Premeny

Bibliographic Details
Format: Book
Language:Slovak
Published: New York Czechoslovak Society of Arts and Sciences 1984

MARC

LEADER 00000nam a2200000 a 4500
001 vtls001344427
003 SK-MaSNL
005 20260223215532.0
008 160329sm y0 xo 0 slo
020 |c [30,00] 
035 |a SNK000297621 
040 |a SNK  |b slo  |c SNK  |e AACR2 
041 0 |a slo 
044 |a xo  |c SK 
245 1 |a Premeny 
260 |a New York  |b Czechoslovak Society of Arts and Sciences  |c 1984 
500 |a Niektoré čísla vychádzajú pod názvom Proměny 
958 |a ZS 
999 |c 719331  |d 721261 
952 |a SNK  |b SNK  |y PREZ  |7 0  |p 17A0162797  |o snkČSD 1161/21/1984  |0 0  |1 0  |4 0  |d 1998-10-07  |l 0  |r 2005-01-02 00:00:00  |w 2026-02-23 
952 |a SNK  |b SNK  |y PREZ  |7 0  |p 17A0174606  |o snkČSD 1161/21/1984 D1  |i snkD 46/99  |8 1  |0 0  |1 0  |4 0  |d 1999-01-20  |l 0  |r 2005-01-02 00:00:00  |w 2026-02-23